Truyện cổ một số dân tộc thiểu số
Giới thiệu các truyện cổ dân gian của một số dân tộc thiểu số ở A Lưới (Thừa Thiên-Huế), người Chăm ở núi Hòn Ông (Bình Định), người Cơ Ho (Lâm Đồng), người Sán Chay ở phía Bắc và người Tày Nùng (Lạng Sơn)....
Kaydedildi:
| Materyal Türü: | Kitap |
|---|---|
| Dil: | Undetermined |
| Baskı/Yayın Bilgisi: |
Hà Nội
Văn hoá dân tộc
2012
|
| Konular: | |
| Etiketler: |
Etiketle
Etiket eklenmemiş, İlk siz ekleyin!
|
| Thư viện lưu trữ: | Trung tâm Học liệu Trường Đại học Cần Thơ |
|---|
| LEADER | 00904nam a2200181Ia 4500 | ||
|---|---|---|---|
| 001 | CTU_189099 | ||
| 008 | 210402s9999 xx 000 0 und d | ||
| 082 | |a 398.209597 | ||
| 082 | |b H452 | ||
| 245 | 0 | |a Truyện cổ một số dân tộc thiểu số | |
| 245 | 0 | |c Nhiều tác giả | |
| 260 | |a Hà Nội | ||
| 260 | |b Văn hoá dân tộc | ||
| 260 | |c 2012 | ||
| 520 | |a Giới thiệu các truyện cổ dân gian của một số dân tộc thiểu số ở A Lưới (Thừa Thiên-Huế), người Chăm ở núi Hòn Ông (Bình Định), người Cơ Ho (Lâm Đồng), người Sán Chay ở phía Bắc và người Tày Nùng (Lạng Sơn). | ||
| 650 | |a Folk literature, vietnamese,Văn học dân gian Việt Nam | ||
| 904 | |i Giang | ||
| 980 | |a Trung tâm Học liệu Trường Đại học Cần Thơ | ||